Państwa położone najbliżej Mauretanii - 30 sekundowy sprint - Statystyki

Ogólne statystyki
  • Ten quiz został rozwiązany 36 razy
  • Średni wynik to 10 z 20
Statystyki odpowiedzi
km Państwo % Poprawnych
0 Mali
100%
39 Maroko
100%
0 Senegal
86%
0 Algieria
82%
222 Gambia
71%
618 Niger
64%
275 Burkina Faso
54%
258 Gwinea
50%
1 042 Nigeria
46%
625 Wybrzeże Kości Słoniowej
46%
575 Ghana
43%
855 Benin
39%
0 Sahara Zachodnia
39%
755 Togo
39%
280 Gwinea Bissau
32%
726 Liberia
21%
528 Sierra Leone
21%
323 Hiszpania
11%
658 Republika Zielonego Przylądka
11%
1 024 Wielka Brytania
4%
Nie znaleziono quizów pasujących do podanych kryteriów
Rozkład punktacji
Procent ludzi z każdym wynikiem
Percentyl według liczby udzielonych odpowiedzi
Twoja historia wyników
Nie rozwiązałeś tego quizu